QCM : Trouvez l'orthographe correcte (Mers et Océans) - Statistiques

Statistiques générales
  • Ce quiz a été pris 352 fois
  • Le résultat moyen est 7 sur 10
Statistiques - réponses
Question Réponse % Correct
Sélectionnez l'orthographe correcte : Océan Pacifique
100%
Sélectionnez l'orthographe correcte : Océan Arctique
97%
Sélectionnez l'orthographe correcte : Antarctique
85%
Sélectionnez l'orthographe correcte : Mer de Libye
79%
Sélectionnez l'orthographe correcte : Mer des Sargasses
73%
Sélectionnez l'orthographe correcte : Golfe de Corinthe
67%
Sélectionnez l'orthographe correcte : Baie de Sulzberger
64%
Sélectionnez l'orthographe correcte : Mer Ionienne
52%
Sélectionnez la mer existante : Mer des Cosmonautes
36%
Sélectionnez l'orthographe correcte : Mer Tyrrhénienne
24%
Aucun quiz correspondant
Distribution des résultats
% des personnes avec chaque résultat
Percentile par nombre de réponses
Votre historique - résultats
Vous n’avez pas pris ce quiz